000 00283nam a22001337a 4500
008 170424b xxu||||| |||| 00| 0 eng d
020 _a2900073101698
041 _aeng
080 _24TH
_a54
100 _a12
101 _aSHM
245 _aCHEMISTRY
_cSILBERBERG
942 _2udc
_cBK
999 _c11706
_d11706